<?xml version="1.0" encoding="UTF-8"?>
<collection xmlns="http://www.loc.gov/MARC21/slim">
 <record>
  <leader>00450nam a22001575a 4500</leader>
  <controlfield tag="001">EUN.um037515</controlfield>
  <controlfield tag="003">AR-BaUNS</controlfield>
  <controlfield tag="005">20050623122909.0</controlfield>
  <controlfield tag="008">041125s1947####xxka##########000#0#eng#d</controlfield>
  <datafield tag="245" ind1="1" ind2="0">
   <subfield code="a">Outlines of paint technology /</subfield>
   <subfield code="c">Noël Heaton.</subfield>
  </datafield>
  <datafield tag="260" ind1=" " ind2=" ">
   <subfield code="a">London :</subfield>
   <subfield code="b">Griffin,</subfield>
   <subfield code="c">1947.</subfield>
  </datafield>
  <datafield tag="300" ind1=" " ind2=" ">
   <subfield code="a">448 p. :</subfield>
   <subfield code="b">ilus. ;</subfield>
   <subfield code="c">22,5 cm.</subfield>
  </datafield>
  <datafield tag="100" ind1="1" ind2=" ">
   <subfield code="a">Heaton, Noël.</subfield>
  </datafield>
  <datafield tag="082" ind1="0" ind2="4">
   <subfield code="a">667.6</subfield>
  </datafield>
  <datafield tag="250" ind1=" " ind2=" ">
   <subfield code="a">3. ed.</subfield>
  </datafield>
  <datafield tag="859" ind1=" " ind2=" ">
   <subfield code="a">Ar-BaUNS</subfield>
   <subfield code="b">BIB. CENTRAL - Sector C</subfield>
   <subfield code="h">667.6</subfield>
   <subfield code="i">H352</subfield>
   <subfield code="p">692/949</subfield>
  </datafield>
 </record>
</collection>
